000 00657nam a2200277Ia 4500
005 20260324145945.0
008 008 260324s9999 xx 000 0 eng d
020 _a9781315142500
037 _aEBOOK
040 _aCRL
040 _beng
040 _cCRL
041 _2eng
041 _aeng
084 _qCRL
100 _aJohn Newson; Elizabeth Newson
_91181038
245 0 _aSeven Years Old in the Home Environment
260 _bTaylor and Francis
260 _c1976
365 _a
365 _b230
856 _uhttp://www.taylorfrancis.com/books/9781315142500
942 _cEBOOK
999 _c1833420
_d1833420